Statistics for Cities as a Percentage of their State

Click here to take the quiz!

General Stats

  • This quiz has been taken 37 times
  • The average score is 17 of 25

Answer Stats

% City % Correct
43.24New York, NY
97%
12.51Denver, CO
97%
40.19Anchorage, AK
85%
16.96Providence, RI
82%
12.89Indianapolis, IN
82%
13.26Boise, ID
82%
10.13Casper, WY
82%
21.53Las Vegas, NV
82%
23.30Phoenix, AZ
82%
23.44Omaha, NE
82%
26.86Albuquerque, NM
79%
13.41Wichita, KS
71%
24.63Honolulu, HI
68%
10.27Tulsa, OK
65%
10.93Cheyenne, WY
65%
20.15Sioux Falls, SD
65%
10.58Billings, MT
62%
21.13Chicago, IL
62%
14.70Lincoln, NE
62%
16.27Oklahoma City, OK
59%
12.26Philadelphia, PA
56%
13.89Louisville, KY
56%
15.93Fargo, ND
50%
10.30Milwaukee, WI
44%
10.22Baltimore, MD
26%

Score Distribution

Percentile by Number Answered

Percent of People with Each Score

Your Score History

You have not taken this quiz